Passatempi /

সংরক্ষণ করুন:
গ্রন্থ-পঞ্জীর বিবরন
প্রধান লেখক: Léautaud, Paul (লেখক)
বিন্যাস: গ্রন্থ
ভাষা:ইতালিয়
প্রকাশিত: Torino : Einaudi, [1983]
মালা:Nuovi coralli ; 344
ট্যাগগুলো: ট্যাগ যুক্ত করুন
কোনো ট্যাগ নেই, প্রথমজন হিসাবে ট্যাগ করুন!

MARC

LEADER 00000nam a22000007ia4500
001 IT\ICCU\CFI\0000683
003 ItRI
005 20260115231852.0
008 850731s1983 it |||||| ||||| |||||c
020 |a 8806055356 
040 |b ita  |c importazione bologna sebina 
041 7 |a ita  |2 ISO-639-2 
082 |a 843.9  |9 NARRATIVA FRANCESE. 1900-  |2 18 
100 1 |a Léautaud, Paul  |0 IT\ICCU\CFIV\000456  |4 aut 
240 1 0 |a Passe-temps  |3 IT\ICCU\CFI\0000685  |9 Léautaud, Paul 
245 1 0 |a Passatempi /  |c Paul Leautaud. 
260 |a Torino :  |b Einaudi,  |c [1983] 
300 |a 193 p. ;  |c 20 cm. 
830 0 |a Nuovi coralli ;  |v 344  |0 IT\ICCU\CFI\0000684 
942 |2 ddc  |c BK  |n 0 
952 |0 0  |1 0  |4 0  |6 DOC_843_912000000000000_LEA  |7 0  |9 14743  |a BO  |b BO  |d 2026-01-15  |i 11119  |l 0  |o DOC 843.912 LEA  |p BO11119  |r 2026-01-15 23:18:52  |w 2026-01-15  |x [Sebina 5] [1 v.]  |y BK  |z 1 v. 
999 |c 12707  |d 12707